Least Densely Populated Countries with Exceptions - Statistics

General Stats
  • This quiz has been taken 38 times
  • The average score is 13 of 20
Answer Stats
Population density (km²) Answer % Correct
3/km² Iceland
85%
17/km² Norway
82%
16/km² Finland
79%
3/km² Namibia
79%
23/km² Sweden
79%
4/km² Suriname
73%
4/km² Guyana
70%
4/km² Botswana
67%
8/km² Central African Republic
67%
17/km² Oman
67%
20/km² Papua New Guinea
64%
18/km² Paraguay
61%
17/km² Rep. of Congo
61%
19/km² South Sudan
61%
9/km² Gabon
58%
13/km² Turkmenistan
55%
19/km² Uruguay
55%
18/km² New Zealand
48%
18/km² Belize
45%
21/km² Bhutan
39%
No matching quizzes found
Score Distribution
Percent of People with Each Score
Percentile by Number Answered
Your Score History
You have not taken this quiz